Social psychology, (Record no. 60775)

MARC details
000 -LEADER
fixed length control field 00814cam a22002531 4500
001 - CONTROL NUMBER
control field sa 64008266
003 - CONTROL NUMBER IDENTIFIER
control field DLC
005 - DATE AND TIME OF LATEST TRANSACTION
control field 20260227112053.0
008 - FIXED-LENGTH DATA ELEMENTS--GENERAL INFORMATION
fixed length control field 770516s1964 ii b 000 0 eng
010 ## - LIBRARY OF CONGRESS CONTROL NUMBER
LC control number sa 64008266
035 ## - SYSTEM CONTROL NUMBER
System control number (OCoLC)2969465
040 ## - CATALOGING SOURCE
Original cataloging agency DLC
Transcribing agency ICarbS
Modifying agency DLC
042 ## - AUTHENTICATION CODE
Authentication code premarc
050 00 - LIBRARY OF CONGRESS CALL NUMBER
Classification number HM251
Item number .A28
082 ## - DEWEY DECIMAL CLASSIFICATION NUMBER
Classification number 301.15
100 1# - MAIN ENTRY--PERSONAL NAME
Personal name Adinarayan, Samuel Pondipeddi.
245 10 - TITLE STATEMENT
Title Social psychology,
Remainder of title with special reference to Indian conditions,
Statement of responsibility, etc. by S. P. Adinarayan.
260 ## - PUBLICATION, DISTRIBUTION, ETC.
Place of publication, distribution, etc. Bombay,
-- New York,
Name of publisher, distributor, etc. Allied Publishers
Date of publication, distribution, etc. [1964]
300 ## - PHYSICAL DESCRIPTION
Extent ix, 251 p.
Dimensions 23 cm.
500 ## - GENERAL NOTE
General note Label mounted on t. p.: Sole distributors in the USA: Paragon Book Gallery, New York.
504 ## - BIBLIOGRAPHY, ETC. NOTE
Bibliography, etc. note Includes bibliographies.
650 #0 - SUBJECT ADDED ENTRY--TOPICAL TERM
Topical term or geographic name entry element Social psychology.
651 #0 - SUBJECT ADDED ENTRY--GEOGRAPHIC NAME
Geographic name India
General subdivision Social conditions.

No items available.

Powered by Koha